000
00302nam a22001217a 4500
999
_c
8555
_d
8555
008
200317b ||||| |||| 00| 0 eng d
100
_a
Gokhale, S. B.
245
_a
Practical Pharmacognosy
250
_a
20th
_b
2019
260
_a
New Delhi
_b
Nirali Prakashan
650
_a
Pharmacognosy
942
_2
ddc
_c
BK